Statistics for Random Car Knowledge Quiz #1

Click here to take the quiz!

General Stats

  • This quiz has been taken 9 times
  • The average score is 7 of 13

Answer Stats

QuestionAnswer% Correct
Lamborghini originally made what?Tractors
100%
Which production car currently holds the fastest land speed record?Bugatti Chiron Super Sport 300+
86%
What percentage of Americans drive stick shifts?18%
71%
How many car brands does Volkswagen own?12
57%
How many companies merged into the Auto Union, which later created Audi?4
57%
The Packard-Bentley "Mavis" was powered by what engine?42.0L V12
57%
Who made the first internal combustion engine powered car?Karl Benz
57%
Which of these is not one of the 5 Ferrari modern supercars?308GTB
43%
What is the most valuable car company in the worldTesla
43%
How many Lamborghini Huracans were wrecked while filming the Marvel movie Doctor Strange?9
29%
What is Koenigsegg's slowest production car?CC8S
29%
How many generations of the Toyota Supra are there?4
14%
What is the oldest American car company?Buick
14%

Score Distribution

Percentile by Number Answered

Percent of People with Each Score

Your Score History

You have not taken this quiz